Riadenie zložitých systémov /

Guardado en:
Detalles Bibliográficos
Autores principales: Sarnovský, Ján (Autor), Madarász, Ladislav (Autor), Bízik, Juraj (Autor), Csontó, Július (Autor)
Formato: Libro
Lenguaje:eslovaco
Publicado: Bratislava : Alfa, 1992
Edición:1.vyd.
Etiquetas: Agregar Etiqueta
Sin Etiquetas, Sea el primero en etiquetar este registro!

MARC

LEADER 00000nam a22000003a 4500
001 stu1599
005 20150617225619.9
008 920515s1992----cs------------------slo-d
020 |a 80-05-00945-3 
040 |a STU  |b slo 
041 0 |a slo 
044 |a cs 
080 |a 519.71  |7 stu_us_auth*stu8254 
080 |a 519.876 
100 1 |a Sarnovský, Ján  |4 aut 
245 1 |a Riadenie zložitých systémov /  |c [aut.] Sarnovský,Ján; Madarász,Ladislav; Bízik,Juraj; Csontó,Július 
250 |a 1.vyd. 
260 |a Bratislava :  |b Alfa,  |c 1992 
300 |a 384 s 
700 1 |a Madarász, Ladislav  |4 aut 
700 1 |a Bízik, Juraj  |4 aut 
700 1 |a Csontó, Július  |4 aut 
996 |b 284EK01948  |c E*76617  |l EE01  |s A  |a 24  |w stu1599_0003 
996 |b E76604  |c E*76604  |l EE30  |s P  |a 0  |w stu1599_0020 
996 |b 284EK01934  |c E*76612  |l EE0101  |s P  |a 0  |w stu1599_0026 
996 |b 284EK01946  |c E*76615  |l EE01  |s A  |a 24  |w stu1599_0029